000 00327nam a2200121Ia 4500
008 231129s1997||||xx |||||||||||||| ||spa||
020 _a0-87910-197-0
082 _a791.4 F487i
245 0 _aFilm noir reader
260 _c1997
264 _aNew York: Limelight editions
942 _2ddc
_cBKS
999 _c13944
_d13944